[Event "Budapest FS06 IM-A"]
[Site "Budapest"]
[Date "1994.??.??"]
[Round "7"]
[White "Payen, Arnaud"]
[Black "Acs, Peter"]
[Result "1-0"]
[WhiteElo "2300"]
[BlackElo "2215"]

1.c4 c6 2.d4 d5 3.Nf3 Nf6 4.e3 Bf5 5.cxd5 cxd5 6.Qb3 Qb6 7.Qxb6 axb6 8.Nc3 e6
9.Bb5+ Nbd7 10.Bd2 Bd6 11.Ne5 Ke7 12.Nxd7 Nxd7 13.Na4 Bd3 14.Bxd3 Rxa4 15.Ke2 Rc8
16.a3 Raa8 17.a4 Nb8 18.b4 Nc6 19.Rhb1 g6 20.f4 f6 21.a5 e5 22.dxe5 fxe5
23.fxe5 Nxe5 24.axb6 Rxa1 25.Rxa1 Rc6 26.b5 Rc8 27.Ra7 Rb8 28.Ra4 Nxd3 29.Kxd3 Bc5
30.e4 dxe4+ 31.Rxe4+ Kf7 32.Be3 Bxe3 33.Rxe3 Rc8 34.Kd4 Rd8+ 35.Kc5 Rd7 36.Re5 Rd8
37.Kb4 Rc8 38.g4 Kf6 39.Re3 h6 40.h4 Kf7 41.g5 hxg5 42.hxg5 Rc1 43.Re2 Rb1+
44.Kc5 Rd1 45.Re5 Rd8 46.Rd5 Rc8+ 47.Kd6 Rd8+ 48.Ke5 Re8+ 49.Kd4 Ke6 50.Re5+ Kd7
51.Rc5 Ke6 52.Rc7 Rd8+ 53.Kc4 Rd1 54.Rxb7 Rc1+ 55.Kd4 Rd1+ 56.Kc3 Rc1+ 57.Kd2 Rc5
58.Rb8 Rxb5 59.b7 Kd7 60.Ke3 Kc7 61.Rg8 Kxb7 62.Rxg6 Kc7 63.Kf4 Kd7 64.Kg4 Ke7
65.Rf6 Rb1 66.Kh5 Rh1+ 67.Kg6 Rg1 68.Rf4 Rg2 69.Kh6 Rg1 70.g6 Rh1+ 71.Kg7 Re1
72.Kg8 Rg1 73.g7 Re1 74.Rf7+ Ke8 75.Rf8+ Ke7 76.Rf2 Rb1 77.Rh2 Rg1 78.Kh8  1-0

[Event "Elekes mem"]
[Site "Budapest"]
[Date "1994.??.??"]
[Round "7"]
[White "Hoelzl, Franz"]
[Black "Keitlinghaus, Ludger"]
[Result "1-0"]
[WhiteElo "2390"]
[BlackElo "2510"]

1.c4 c6 2.e4 e5 3.Nf3 Nf6 4.Nc3 Bb4 5.d3 O-O 6.Be2 d5 7.Qc2 d4 8.a3 Bd6 9.Nb1 c5
10.Nbd2 Nc6 11.h3 Re8 12.Nf1 Nh5 13.Ng1 Nf4 14.Bf3 a5 15.g3 Ne6 16.Bg4 a4
17.Nf3 Bd7 18.Ng5 Nxg5 19.Bxg5 f6 20.Bd2 g6 21.Qd1 f5 22.Bf3 Qf6 23.g4 fxg4
24.Bxg4 Rf8 25.Rh2 Bxg4 26.Qxg4 h5 27.Qg3 Kh7 28.Bg5 Qf7 29.Nd2 Nd8 30.Bxd8 Raxd8
31.Rg2 Rg8 32.Ke2 Rdf8 33.Nf3 Qf4 34.Rag1 Qxg3 35.fxg3 g5 36.g4 h4 37.Rf1 Kg6
38.Rgf2 Rf4 39.Nd2 Ra8 40.Rb1 Bc7 41.b3 Rxf2+ 42.Kxf2 axb3 43.Rxb3 b6 44.Ke2 Kf6
45.Nb1 Ke6 46.Rb2 Bd8 47.Kd1 Ra7 48.Rf2 Bf6 49.Kc2 b5 50.cxb5 Ra5 51.b6 Ra6
52.Nd2 Rxb6 53.Nc4 Rb7 54.Rf1 Rf7 55.a4 Ra7 56.a5 Bd8 57.Ra1 Bc7 58.a6 Kd7
59.Kb3 Kc6 60.Nd2 Kb5 61.Nf3 Bb8 62.Nxg5 Rc7 63.Nf3  1-0

[Event "Budapest Spring op"]
[Site "Budapest"]
[Date "1994.??.??"]
[Round "7"]
[White "Khasin, Alexander"]
[Black "Loginov, Valery A"]
[Result "1/2-1/2"]
[WhiteElo "2460"]
[BlackElo "2540"]

1.c4 c6 2.Nf3 Nf6 3.Nc3 d5 4.cxd5 cxd5 5.d4 Nc6 6.Bf4 Bf5 7.e3 e6 8.Bd3 Bxd3
9.Qxd3 Bd6 10.Bxd6 Qxd6 11.O-O O-O  1/2-1/2

[Event "Budapest FS02 GM"]
[Site "Budapest"]
[Date "1994.??.??"]
[Round "8"]
[White "Siebrecht, Sebastian"]
[Black "Wells, Peter K"]
[Result "0-1"]
[WhiteElo "2360"]
[BlackElo "2490"]

1.c4 c6 2.d4 d5 3.Nf3 Nf6 4.cxd5 cxd5 5.Nc3 Nc6 6.g3 e6 7.Bg2 Be7 8.O-O O-O
9.Re1 b6 10.a3 Bb7 11.b4 Rc8 12.Qb3 Ne4 13.Bb2 Ba6 14.e3 Bc4 15.Qd1 Nd6 16.Ne5 a5
17.Nxc6 Rxc6 18.e4 axb4 19.axb4 dxe4 20.Nxe4 Bd5 21.Nxd6 Rxd6 22.b5 Bxg2
23.Kxg2 Rd5 24.Ba3 Bxa3 25.Rxa3 Rxb5 26.Qf3 Qxd4 27.Rd1 Qc5 28.Ra8 g6 29.Rxf8+ Qxf8
30.Qf6 Qa8+ 31.Kg1 Rd5 32.Rc1 Qd8 33.Qf3 Kg7 34.h4 b5 35.Kh2 h5 36.Ra1 Qf6  0-1

[Event "Budapest Spring op"]
[Site "Budapest"]
[Date "1994.??.??"]
[Round "8"]
[White "Ruck, Robert"]
[Black "Margolin, Boris"]
[Result "1/2-1/2"]
[WhiteElo "2420"]
[BlackElo "2385"]

1.c4 c6 2.Nf3 Nf6 3.b3 d5 4.Bb2 Bf5 5.g3 e6 6.Bg2 Be7 7.O-O O-O 8.d3 h6 9.Nbd2 Nbd7
10.Ne5 Nxe5 11.Bxe5 Bg6 12.Nf3 Nd7 13.Bc3 Bf6 14.Qd2 Qe7 15.Rac1 Rfd8 16.Bxf6 Nxf6
17.Ne5 Bh7 18.Qb2 a5 19.a3 Ne8 20.Rfd1 Nc7 21.Ra1 f6  1/2-1/2

[Event "Budapest FS11 IM-B"]
[Site "Budapest"]
[Date "1994.??.??"]
[Round "9"]
[White "Obodchuk, Andrei"]
[Black "Acs, Peter"]
[Result "1/2-1/2"]
[WhiteElo "2440"]
[BlackElo "2215"]

1.c4 c6 2.e4 d5 3.exd5 cxd5 4.cxd5 Nf6 5.Nc3 Nxd5 6.d4 e6 7.Nf3 Nc6 8.Bd3 Be7
9.O-O O-O 10.Re1 Bf6 11.Be4 Nce7 12.h4 Bd7 13.Qd3 g6 14.Bh6 Bg7 15.Bxg7 Kxg7
16.Bxd5 Nxd5 17.Nxd5 exd5 18.Re5 Bg4 19.g3 f6 20.Ree1 Bxf3 21.Qxf3 Qd7 22.Rac1 Rfe8
23.Kg2 Rac8 24.Rxc8 Rxc8 25.Qa3 Re8 26.Rxe8 Qxe8 27.Qxa7 Qe4+ 28.Kh2 Qf5
29.Qxb7+ Kh6 30.Qb5 Qxf2+ 31.Kh3 Qxd4 32.Qe2 Qc5 33.Qd2+ Kg7 34.Qc3 Qg1 35.Qc7+ Kh6
36.Qf4+ Kg7 37.Qf3 d4 38.g4 Qb1 39.g5 fxg5 40.hxg5 d3 41.Qf6+ Kg8 42.Qd8+ Kf7
43.Qd7+ Kg8  1/2-1/2

[Event "Budapest FS03 GM"]
[Site "Budapest"]
[Date "1994.??.??"]
[Round "9"]
[White "Zueger, Beat"]
[Black "Margolin, Boris"]
[Result "1-0"]
[WhiteElo "2425"]
[BlackElo "2385"]

1.c4 c6 2.d4 d6 3.Nc3 Nf6 4.Nf3 Nbd7 5.e4 e5 6.Be2 Be7 7.O-O O-O 8.Qc2 a6
9.Rd1 Qc7 10.h3 b5 11.a3 Bb7 12.Be3 Rfe8 13.dxe5 dxe5 14.b4 Rad8 15.Rac1 Qb8
16.Qb3 h6 17.Nh4 Nf8 18.Nf5 Ne6 19.Rxd8 Qxd8 20.Rd1 Qc8 21.a4 Nf4 22.Bxf4 exf4
23.cxb5 cxb5 24.axb5 Nxe4 25.Nxe7+ Rxe7 26.Nxe4 Bxe4 27.bxa6 Bc2 28.Qxc2  1-0

[Event "Budapest FS11 IM-B"]
[Site "Budapest"]
[Date "1994.??.??"]
[Round "9"]
[White "Zouheir, Issam"]
[Black "Peredy, Ferenc"]
[Result "1/2-1/2"]
[WhiteElo "2260"]
[BlackElo "2210"]

1.c4 c6 2.d4 d5 3.Nc3 Nf6 4.Nf3 e6 5.Bg5 Nbd7 6.e3 Bb4 7.cxd5 exd5 8.Nd2 O-O
9.Bd3 Re8 10.O-O Nf8 11.Nf3 Ng6 12.Qc2 h6 13.Bxg6 hxg5 14.Bf5 Bxc3 15.bxc3 Ne4
16.Bxc8 Rxc8 17.Nd2 Qd6 18.Rae1 Re6 19.Nxe4 dxe4 20.f4 gxf4  1/2-1/2

[Event "Budapest Honved"]
[Site "Budapest"]
[Date "1994.??.??"]
[Round "10"]
[White "Varga, Zoltan"]
[Black "Beck, Hartmuth"]
[Result "1/2-1/2"]
[WhiteElo "2480"]
[BlackElo "2285"]

1.c4 c6 2.e4 d5 3.cxd5 cxd5 4.exd5 Qxd5 5.Nc3 Qa5 6.Bc4 Nf6 7.Nf3 Bg4 8.Qb3 Bxf3
9.gxf3 Nbd7 10.Bxf7+ Kd8 11.d4 e5 12.Be3 Qb4 13.dxe5 Qxb3 14.Bxb3 Nxe5 15.O-O-O+ Ke8
16.Rhe1 Nxf3 17.Re2 Ng4 18.h3  1/2-1/2

[Event "Budapest FS02 IM-B"]
[Site "Budapest"]
[Date "1994.??.??"]
[Round "10"]
[White "Williams, Simon"]
[Black "Tornai, Imre"]
[Result "1/2-1/2"]
[WhiteElo "2180"]
[BlackElo "2245"]

1.c4 c6 2.b3 d5 3.Bb2 Nf6 4.g3 Bf5 5.Bg2 e6 6.Nf3 h6 7.O-O Nbd7 8.d3 Bc5
9.Nc3 O-O 10.Qc2 Qe7 11.e4 dxe4 12.dxe4 Bh7 13.a3 a5 14.Qe2 e5 15.Ne1 Rfd8
16.Kh1 Bd4 17.Nd3 Nc5 18.Nxc5 Qxc5 19.Rab1 Bg6 20.f3 Rab8 21.Rfc1 Qe7 22.Rc2 Nd7
23.Bc1 f6 24.b4 axb4 25.axb4 Bf7 26.Nd1 Ra8 27.Ne3 Nf8 28.Nf5 Qc7 29.c5 Ra4
30.Nd6 b5 31.Be3 Bxe3 32.Qxe3 Ne6 33.Rf2 Nd4 34.f4 Be6 35.fxe5 fxe5 36.Nf5 Bc4
37.Bh3 Qa7 38.Nd6 Ra1 39.Qc1 Ra2 40.Rxa2 Qxa2 41.Nxc4 bxc4 42.Rb2 Qa6 43.Bf1 Kh7
44.Qxc4 Qa1 45.Rf2 Qe1 46.Kg1 Qe3 47.Bg2 Ra8 48.Bf1 Ra1 49.Qf7 Rb1 50.Kg2 Qxe4+
51.Kh3 Rxb4 52.Bc4 Rb8 53.Qc7  1/2-1/2

[Event "Budapest FS10 IM-A"]
[Site "Budapest"]
[Date "1994.??.??"]
[Round "11"]
[White "Izsak, Gyula"]
[Black "Acs, Peter"]
[Result "1/2-1/2"]
[WhiteElo "2400"]
[BlackElo "2215"]

1.c4 c6 2.d4 d5 3.e3 Nf6 4.Nf3 Bf5 5.Qb3 Qb6 6.Qxb6 axb6 7.a3 e6 8.Ne5 Na6
9.Bd2 Bd6 10.Nf3 Ne4 11.Nc3 O-O 12.Nh4 Bg4 13.Nxe4 dxe4 14.h3 Bh5 15.g4 Bg6
16.Nxg6 hxg6 17.Bg2 f5 18.f3 exf3 19.Bxf3 e5 20.O-O e4 21.Be2 c5 22.Bc3 Rad8
23.Rad1 Nb8 24.dxc5 bxc5 25.Rd5 Nc6 26.Rfd1 Be7 27.Kg2 Bg5 28.gxf5 gxf5 29.Kf2 Bh4+
30.Kg2 Bg5 31.Rxd8 Nxd8 32.Rd7 Ne6 33.Rd6 Kf7 34.Rd7+ Kg8 35.Kf2 Bh4+ 36.Kf1 Bg5
37.Bd2 Rf7 38.Rd6 Re7 39.Bh5 Kh7 40.Bd1 g6 41.b4 f4 42.Bg4 fxe3 43.Bxe3 Bxe3
44.Bxe6 Bc1 45.b5 Bxa3 46.Rb6 Bb4 47.Bd5 Ba5 48.Rxb7 Rxb7 49.Bxb7 g5 50.Kg2 Kg6
51.Bxe4+ Kf6 52.Kf3 Ke5 53.Bd5 Bd8 54.Kg4 Kd6  1/2-1/2

[Event "Buenos Aires PRENAJ"]
[Site "Buenos Aires"]
[Date "1994.??.??"]
[Round "1"]
[White "Llanos, Guillermo"]
[Black "Bulcourf, Carlos"]
[Result "1-0"]
[WhiteElo "2365"]
[BlackElo "2260"]

1.c4 c6 2.d4 b5 3.cxb5 cxb5 4.e4 Nf6 5.f3 e6 6.Bd3 Qb6 7.Ne2 Nc6 8.Nbc3 b4
9.Na4 Qa5 10.b3 Be7 11.O-O Ba6 12.Be3 O-O 13.Rc1 Rfc8 14.Rc2 Bb5 15.Bxb5 Qxb5
16.Qd2 d5 17.e5 Nd7 18.Rfc1 Nb6 19.Nc5 a5 20.Nf4 Na7 21.Qf2 Qe8 22.Qg3 Kh8
23.Nh5 Bf8 24.Bh6 g6 25.Nf6 Bxh6 26.Nxe8 Rxe8 27.f4 Nb5 28.Qh4 Bg7 29.Qf2 Nc3
30.a4 Nc8 31.Rxc3 bxc3 32.Rxc3 Ne7 33.Nb7 h5 34.Nd6  1-0

[Event "ESP-chT"]
[Site "Cala Galdana"]
[Date "1994.??.??"]
[Round "?"]
[White "Bernal Moro, Luis Javier"]
[Black "Iruzubieta, Jesus Maria"]
[Result "0-1"]
[WhiteElo "2390"]
[BlackElo "2340"]

1.c4 c6 2.e4 d5 3.exd5 Nf6 4.Nc3 cxd5 5.d4 Nc6 6.Nf3 Bg4 7.cxd5 Nxd5 8.Bb5 Rc8
9.h3 Bh5 10.g4 Bg6 11.O-O e6 12.Re1 Bb4 13.Bd2 O-O 14.a3 Be7 15.Bf1 Bf6 16.Nxd5 Qxd5
17.Bc3 Rfd8 18.Ne5 Nxd4 19.Bg2 Qc5 20.Nxg6 hxg6 21.Bxd4 Rxd4 22.Qe2 Qd6 23.Rad1 b6
24.Bf3 Rd8 25.Qc2 Qf4 26.Rxd4 Bxd4 27.Kg2 Be5 28.Qe2 f6 29.Rd1 Rxd1 30.Qxd1 Kh7
31.b3 Qh2+ 32.Kf1 Qxh3+ 33.Ke2 Qh6 34.Qd2 Qh2 35.Be4 f5 36.Bf3 Bf4 37.Qd1 Bd6
38.Qh1 Qxh1 39.Bxh1 Bxa3 40.Bc6 Kh6 41.Bd7 Kg5 42.f3 e5 43.Kf2 Kf4 44.Ke2 e4
45.Bc6 exf3+ 46.Bxf3 fxg4 47.Bc6 Bc5  0-1

[Event "ESP-chT"]
[Site "Cala Galdana"]
[Date "1994.??.??"]
[Round "?"]
[White "Rodriguez Vargas, Orestes"]
[Black "Magem Badals, Jorge"]
[Result "1/2-1/2"]
[WhiteElo "2440"]
[BlackElo "2505"]

1.c4 c6 2.e4 d5 3.exd5 cxd5 4.d4 Nf6 5.Nc3 e6 6.Nf3 Bb4 7.cxd5 Nxd5 8.Bd2 O-O
9.Bd3 Nc6 10.O-O Be7 11.Be3 Nxe3 12.fxe3 b6 13.Be4 Bb7 14.Ne5 Qe8 15.Qh5 g6
16.Qf3 Rc8 17.Nxc6 Bxc6 18.Rac1 f5 19.Bxc6 Rxc6 20.Ne2 Rxc1 21.Rxc1 Qd7 22.Qc6 Rd8
23.Kf2 Bd6 24.Qxd7 Rxd7 25.Rc8+ Kf7 26.h3 e5 27.b3 f4 28.dxe5 fxe3+ 29.Kxe3 Bxe5
30.Nc3  1/2-1/2

[Event "ESP-chT"]
[Site "Cala Galdana"]
[Date "1994.??.??"]
[Round "4"]
[White "Rodriguez Talavera, Juan Carlos"]
[Black "Magem Badals, Jorge"]
[Result "1/2-1/2"]
[WhiteElo "2355"]
[BlackElo "2505"]

1.c4 c6 2.d4 d5 3.Nf3 Nf6 4.Nc3 a6 5.cxd5 cxd5 6.Bf4 Nc6 7.e3 Bg4 8.Be2 e6
9.Ne5 Bxe2 10.Qxe2 Rc8 11.O-O Be7 12.Rfc1 Nxe5 13.Bxe5  1/2-1/2

[Event "CAN-ch"]
[Site "CAN"]
[Date "1994.??.??"]
[Round "3"]
[White "Spraggett, Grant"]
[Black "Livshits, Ron"]
[Result "1-0"]
[WhiteElo "2320"]
[BlackElo "2370"]

1.c4 c6 2.b3 d5 3.Bb2 Bg4 4.g3 Nd7 5.Bg2 e6 6.Nf3 Ngf6 7.O-O Bd6 8.d3 O-O
9.Nc3 Qe7 10.h3 Bh5 11.a3 a5 12.Re1 Rfd8 13.Qc2 Nf8 14.Nd2 Bg6 15.Nf3 h6
16.e4 dxe4 17.dxe4 N6d7 18.Nd1 Bh7 19.Ne3 Ng6 20.Nd4 Qf8 21.Red1 Nf6 22.Qe2 Be7
23.Nec2 Nd7 24.Nf3 Nc5 25.Qe3 Rxd1+ 26.Rxd1 Rd8 27.Rxd8 Qxd8 28.Bd4 Nd7 29.Qc3 Bf8
30.c5 Qe7 31.b4 axb4 32.axb4 e5 33.Be3 Qe6 34.Nd2 Ne7 35.Nc4 f5 36.f3 Nf6
37.Nd6 b5 38.g4 fxe4 39.fxe4 Ng6 40.Nf5  1-0

[Event "CAN-ch"]
[Site "CAN"]
[Date "1994.??.??"]
[Round "14"]
[White "Spraggett, Kevin"]
[Black "Livshits, Ron"]
[Result "1/2-1/2"]
[WhiteElo "2530"]
[BlackElo "2370"]

1.c4 c6 2.Nf3 d5 3.e3 Nf6 4.Nc3 a6 5.b3 b5 6.Be2 Bg4 7.O-O e6 8.cxd5 cxd5
9.Nd4 Bxe2 10.Ncxe2 e5 11.Nf3 Nc6 12.Bb2 Bd6 13.Ng3 O-O 14.Nf5 Re8 15.Nxd6 Qxd6
16.d3 a5 17.Rc1 Nd7 18.Rc2 f6 19.Qd2 a4 20.Rfc1 Rec8 21.bxa4 Rxa4 22.a3 Raa8
23.Qc3 Ne7 24.Qb3 Rxc2 25.Rxc2 Rb8 26.g3  1/2-1/2

[Event "ESP-ch"]
[Site "Canete"]
[Date "1994.??.??"]
[Round "?"]
[White "Gomez Esteban, Juan Mario"]
[Black "Gonzalez Perez, Lutgarda"]
[Result "1-0"]
[WhiteElo "2485"]
[BlackElo "2235"]

1.c4 c6 2.d4 d5 3.Nc3 Nf6 4.Nf3 dxc4 5.a4 Bg4 6.Ne5 Bh5 7.Nxc4 Nbd7 8.Qb3 Nb6
9.e4 e6 10.f3 Nxc4 11.Qxc4 Qa5 12.Be3 Bb4 13.Be2 Bg6 14.O-O O-O 15.Rfd1 Rfd8
16.Na2 Be7 17.Nc1 Nd7 18.Nd3 Bg5 19.Bf2 Rac8 20.b4 Qc7 21.Kh1 Nb6 22.Qb3 Qe7
23.Nc5 Na8 24.b5 b6 25.Nd3 Bf6 26.Nb4 cxb5 27.axb5 Rd7 28.Nc6 Qf8 29.Nxa7  1-0

[Event "ESP-ch"]
[Site "Canete"]
[Date "1994.??.??"]
[Round "?"]
[White "Rodriguez Uria, Julio Antonio"]
[Black "Cruz Lopez Claret, Carlos"]
[Result "1-0"]
[WhiteElo "2225"]
[BlackElo "2305"]

1.c4 c6 2.e4 d5 3.exd5 Nf6 4.Nc3 cxd5 5.d4 Nc6 6.Nf3 Bg4 7.cxd5 Nxd5 8.Qb3 Bxf3
9.gxf3 Nb6 10.Be3 e6 11.O-O-O Be7 12.d5 exd5 13.Bxb6 Qxb6 14.Qxb6 axb6 15.Nxd5 O-O
16.Nxe7+ Nxe7 17.Kb1 Rfd8 18.Bc4 Kf8 19.Rhe1 Rac8 20.b3 Nc6 21.Bd5 Rd6 22.Be4 Rcd8
23.Kc1 Nb4 24.Rxd6 Rxd6 25.Re2 Nd3+ 26.Kc2 Nc5 27.Kc3 Rh6 28.Bd5 Rxh2 29.b4 Rh5
30.Rd2 Na4+ 31.Kb3 b5 32.Bxb7 Nb6 33.Rd6 Nc4 34.Rd7 Rf5 35.Be4 Re5 36.Bc6 h5
37.Bxb5 Nb6 38.Rd8+ Ke7 39.Re8+ Kd6 40.Rxe5 Kxe5 41.a4 Nd5 42.f4+ Kd6 43.Bd3 Nxf4
44.Be4 h4 45.a5 g5 46.a6 Ne6 47.a7 Nc7 48.Kc4  1-0

[Event "Canete"]
[Site "Canete"]
[Date "1994.??.??"]
[Round "5"]
[White "Franco Ocampo, Zenon"]
[Black "Alvarez Ibarra, D Rafael"]
[Result "1-0"]
[WhiteElo "2495"]
[BlackElo "2430"]

1.c4 c6 2.Nf3 d5 3.e3 Nf6 4.d4 Bf5 5.Nc3 e6 6.Bd3 Bxd3 7.Qxd3 Nbd7 8.O-O Bb4
9.Bd2 a5 10.a3 Be7 11.e4 dxe4 12.Nxe4 Nxe4 13.Qxe4 O-O 14.Rad1 Qb6 15.Bc3 Qa6
16.d5 Nf6 17.Qe1 Qxc4 18.Ne5 Qb3 19.dxc6 Rfc8 20.Rd3 bxc6 21.Qe2 Qb5 22.Qf3 Rd8
23.Rxd8+ Bxd8 24.Rd1 Rc8 25.Nxc6 Nd5 26.Na7 Qb7 27.Nxc8 Qxc8 28.Qg4 Nxc3
29.Qc4 Ne2+ 30.Qxe2 h6 31.Qd2 Bb6 32.Qc3 Qb7 33.g3 Qe4 34.Rd6  1-0

[Event "Canete"]
[Site "Canete"]
[Date "1994.??.??"]
[Round "8"]
[White "Kharlov, Andrei"]
[Black "Alvarez Ibarra, D Rafael"]
[Result "0-1"]
[WhiteElo "2530"]
[BlackElo "2430"]

1.c4 c6 2.e4 d5 3.exd5 Nf6 4.Nc3 cxd5 5.d4 Nc6 6.Bg5 Be6 7.Bxf6 gxf6 8.a3 Qd7
9.Be2 O-O-O 10.Bf3 dxc4 11.d5 Ne5 12.dxe6 Qxe6 13.Qe2 Bh6 14.Qe4 Rd7 15.Be2 f5
16.Qh4 Rd2 17.Nf3 Nxf3+ 18.gxf3 Rxb2 19.O-O Bg7 20.Bxc4 Qg6+ 21.Kh1 Bxc3
22.Rac1 Qf6 23.Qxf6 Bxf6 24.Bxf7+ Kb8 25.Be6 Rd8 26.Kg2 a6 27.f4 h5 28.a4 Rd4
29.Bxf5 Rxa4 30.Rc8+ Ka7 31.Bg6 h4 32.Kf3 Rb3+ 33.Kg4 Rbb4 34.Kf5 Rxf4+ 35.Ke6 Rac4
36.Rxc4 Rxc4 37.f3 b5 38.Be4 Kb6 39.Rg1 a5 40.Rg8 a4 41.Ra8 Kc5 42.Bd5 Kb4
43.Bxc4 Kxc4  0-1

[Event "Cappelle op"]
[Site "Cappelle la Grande"]
[Date "1994.??.??"]
[Round "5"]
[White "Makarov, Marat"]
[Black "Rause, Olita"]
[Result "1/2-1/2"]
[WhiteElo "2525"]
[BlackElo "2355"]

1.c4 c6 2.Nf3 d5 3.d4 e6 4.Qc2 Nf6 5.Bg5 Nbd7 6.e3 Qa5+ 7.Nc3 Ne4 8.cxd5 Nxg5
9.Nxg5 Nf6 10.e4 h6 11.Nf3 exd5 12.e5 Ne4 13.Bd3 Ng5 14.Nxg5 hxg5 15.O-O g6
16.Bxg6 Be6 17.Bf5 Be7 18.Bxe6 fxe6 19.a3 Kd7 20.b4 Qb6 21.Rad1 Rh6 22.Na4 Qb5
23.Nc5+ Bxc5 24.Qxc5 Qxc5 25.bxc5 Rah8 26.h3 g4 27.Kh2 gxh3 28.g3 b5 29.Rd3 Rg8
30.a4 a5 31.Rb1 b4  1/2-1/2

[Event "Cappelle op"]
[Site "Cappelle la Grande"]
[Date "1994.??.??"]
[Round "8"]
[White "Bessat, Remy"]
[Black "Rause, Olita"]
[Result "1/2-1/2"]
[WhiteElo "1970"]
[BlackElo "2355"]

1.c4 c6 2.e3 e6 3.Nf3 d5 4.d4 Nf6 5.a3 Nbd7 6.Nc3 Bd6 7.c5 Bc7 8.b4 e5 9.dxe5 Nxe5
10.Nxe5 Bxe5 11.Bb2 Ng4 12.Qd2 Qf6 13.f4 Bb8 14.O-O-O Qe7 15.Re1 f5 16.h3 Nf6
17.Bd3 b6 18.Na4 b5 19.Nc3 a5 20.g4 axb4 21.axb4 Ne4 22.Bxe4 fxe4 23.Qd4 O-O
24.Nxd5 cxd5 25.Qxd5+ Qf7 26.Qxa8 Qc4+ 27.Kb1 Qd3+ 28.Ka1 Be6 29.Qa3 Bb3
30.Rc1 Qd5 31.Rc3 Bc4 32.Rxc4 bxc4 33.Qc3 Qf7 34.Rd1  1/2-1/2

[Event "Casablanca"]
[Site "Casablanca"]
[Date "1994.??.??"]
[Round "6"]
[White "Plachetka, Jan"]
[Black "Bennis, Zakaria"]
[Result "1-0"]
[WhiteElo "2435"]
[BlackElo "2305"]

1.c4 c6 2.d4 d5 3.Nf3 Nf6 4.Nc3 dxc4 5.a4 Bf5 6.Ne5 e6 7.g3 Bb4 8.Bg2 Ne4
9.O-O Bxc3 10.bxc3 Nxc3 11.Qe1 Qxd4 12.Bb2 Qxe5 13.Bxc3 Qc5 14.Bxg7 Rg8 15.Qc3 Nd7
16.Bd4 Qe7 17.e4 Bg4 18.Qxc4 e5 19.Be3 Be6 20.Qc3 c5 21.Rfc1 b6 22.Bf1 f6
23.a5 Kf7 24.Ra3 Qd6 25.Qb2 Qc6 26.Rd1 c4 27.Qb4 Rgc8 28.Rd6 bxa5 29.Rxa5 Rcb8
30.Qd2 Qc7 31.Raa6 c3 32.Qd1 Nf8 33.Rac6 Qb7 34.Bh6 Qb1 35.Qh5+ Kg8 36.Rxe6 Nxe6
37.Qg4+ Ng5 38.Rxf6 Kh8  1-0

[Event "Catania op"]
[Site "Cattolica"]
[Date "1994.??.??"]
[Round "1"]
[White "Contin, Daniel"]
[Black "Parrella, Alfredo"]
[Result "1-0"]
[WhiteElo "2425"]
[BlackElo "2210"]

1.c4 c6 2.e4 d5 3.exd5 cxd5 4.d4 Nf6 5.Nc3 e6 6.Nf3 Bb4 7.Bd2 O-O 8.cxd5 exd5
9.Be2 Nc6 10.O-O h6 11.Na4 Bd6 12.Rc1 Ne7 13.Qb3 b6 14.Bb4 Bxb4 15.Qxb4 Bg4
16.Rc2 Rc8 17.Rfc1 Rxc2 18.Rxc2 Bxf3 19.Bxf3 Qd7 20.Be2 Rc8 21.Rxc8+ Nxc8
22.Nc3 Nd6 23.a4 Nde4 24.Nb5 Qc6 25.Nc3 Nxc3 26.bxc3 Ne4 27.Qe7 Qxc3 28.Qe8+ Kh7
29.Qxf7 Qc1+ 30.Bf1 Nd2 31.Qf5+ Kg8 32.Qxd5+ Kh7 33.Qb5 Qd1 34.Qd3+ Kh8 35.d5 Kg8
36.d6 Kf7 37.d7  1-0

[Event "Catania op"]
[Site "Cattolica"]
[Date "1994.??.??"]
[Round "4"]
[White "Petursson, Margeir"]
[Black "Ortega, Lexy"]
[Result "0-1"]
[WhiteElo "2540"]
[BlackElo "2450"]

1.c4 c6 2.Nf3 d5 3.e3 Nf6 4.Nc3 Nbd7 5.Qc2 e6 6.Be2 Bd6 7.b3 O-O 8.Bb2 a6
9.d4 e5 10.cxd5 cxd5 11.dxe5 Nxe5 12.O-O Be6 13.Rac1 Rc8 14.Qb1 Nfg4 15.Nxe5 Nxe5
16.f4 Qb6 17.fxe5 Qxe3+ 18.Rf2 Qxe5 19.g3 Bc5 20.Na4 Bxf2+ 21.Kxf2 d4 22.Qd3 Bf5
23.Qf3 b5 24.Rxc8 Rxc8 25.Nb6 Rc2 26.Ba1 h5 27.Qa8+ Kh7 28.Qf3 Be4  0-1

[Event "Catania op"]
[Site "Cattolica"]
[Date "1994.??.??"]
[Round "9"]
[White "Sarno, Spartaco"]
[Black "Ortega, Lexy"]
[Result "1-0"]
[WhiteElo "2390"]
[BlackElo "2450"]

1.c4 c6 2.Nf3 Nf6 3.g3 d5 4.b3 Bf5 5.Bb2 e6 6.Bg2 Be7 7.O-O O-O 8.d3 h6 9.Nbd2 a5
10.a3 Nbd7 11.Qc2 Qb8 12.Bc3 e5 13.e4 Bh7 14.Nh4 Rd8 15.Nf5 Bf8 16.Nf3 b5
17.h3 bxc4 18.bxc4 d4 19.Bd2 Nc5 20.Rab1 Qc7 21.Nh2 Bxf5 22.exf5 Qd7 23.Ng4 Qxf5
24.Bxc6 Ra6 25.Nxf6+ Qxf6 26.Bd5 Qg6 27.Rb5 e4 28.dxe4 Rf6 29.Bxa5 d3 30.Qd1 Re8
31.Bc3 Rf4 32.Bd2 Rh4 33.Kh2 Nxe4 34.Rb7 Kh8 35.Rxf7 Bd6 36.Rf3 Qh5 37.Kg2 Nxd2
38.gxh4 Re2 39.Rxd3 Qe5 40.Rxd2 Qh2+ 41.Kf3 Re8 42.Rh1 Rf8+ 43.Ke4 Qf4+ 44.Kd3 Be5
45.Qg4 Qf6 46.Re1 Bf4 47.Rc2 Qb6 48.Re7 Qb3+ 49.Kd4 Bg5 50.hxg5 Qxc2 51.Qe2 Qb1
52.Rb7 Qf5 53.Qe7 Qf4+ 54.Kd3 Qf5+ 55.Kc3  1-0

[Event "Chicago op"]
[Site "Chicago"]
[Date "1994.??.??"]
[Round "3"]
[White "Dandridge, Marvin"]
[Black "Finegold, Benjamin"]
[Result "0-1"]
[WhiteElo "2210"]
[BlackElo "2475"]

1.c4 c6 2.e4 d5 3.cxd5 cxd5 4.exd5 Nf6 5.Nc3 Nxd5 6.d4 Nc6 7.Nf3 Bg4 8.Be2 e6
9.O-O Be7 10.Be3 O-O 11.h3 Bh5 12.Qb3 Nxe3 13.fxe3 Qb6 14.Qxb6 axb6 15.a3 Rfd8
16.Bc4 Bg6 17.Rae1 Rac8 18.Ba2 b5 19.d5 b4 20.dxc6 bxc3 21.cxb7 Rb8 22.Ne5 Rxb7
23.Nxg6 hxg6 24.bxc3 Bxa3 25.Re2 Rd3 26.c4 Bc5 27.Rfe1 Ra7 28.Kf1 Raa3 29.e4 e5
30.Rc2 Rd6 31.Rb1 Rf6+ 32.Ke1 Re3+ 33.Kd1 Rf1+ 34.Kd2 Rf2+  0-1

[Event "USA-op"]
[Site "Chicago"]
[Date "1994.??.??"]
[Round "7"]
[White "Shahade, Gregory"]
[Black "Finegold, Gina L"]
[Result "1-0"]
[WhiteElo "2095"]
[BlackElo "2115"]

1.c4 c6 2.d4 d5 3.cxd5 cxd5 4.Nc3 Nf6 5.Nf3 Nc6 6.g3 g6 7.Bg2 Bg7 8.O-O O-O
9.Ne5 Qa5 10.Nxc6 bxc6 11.Qa4 Qxa4 12.Nxa4 Ne4 13.Rd1 Ba6 14.Bxe4 Bxe2 15.Re1 Bb5
16.Bc2  1-0

[Event "Copenhagen op16"]
[Site "Copenhagen"]
[Date "1994.??.??"]
[Round "4"]
[White "Arkell, Keith C"]
[Black "Juergens, Peter"]
[Result "1-0"]
[WhiteElo "2500"]
[BlackElo "2235"]

1.c4 c6 2.d4 d5 3.Nf3 Nf6 4.Nc3 a6 5.a4 e6 6.a5 dxc4 7.Bg5 c5 8.d5 Be7 9.Bxf6 Bxf6
10.e4 Bxc3+ 11.bxc3 exd5 12.Qxd5 Qe7 13.Qe5 Nc6 14.Qxg7 Qxe4+ 15.Be2 Rf8
16.O-O Qg6 17.Qxg6 fxg6 18.Bxc4 Kd8 19.Ng5 Rf4 20.Bd3 h6 21.g3 Rf8 22.Ne4 Bf5
23.Nxc5 Kc7 24.Rfe1 Rae8 25.Rxe8 Rxe8 26.Bxf5 gxf5 27.Kf1 Re5 28.Nb3 Re4
29.Nd2 Re5 30.Nc4 Rc5 31.Ra4 Kd7 32.Ke2 Ke6 33.Kd3 Rd5+ 34.Kc2 Rc5 35.h3 Kf6
36.Kd3 Rd5+ 37.Ke3 Rc5 38.g4 fxg4 39.hxg4 h5 40.Nd6 Rxc3+ 41.Kf4 Rc2 42.Ne4+ Kg6
43.gxh5+ Kxh5 44.Kf5 Rb2 45.f3 Kh4 46.Ke6 Kh3 47.f4 Rb5 48.Nd6 Rb1 49.f5 b5
50.axb6 Rxb6 51.f6 Rb1 52.Rc4 Re1+ 53.Ne4 Na5 54.Rc3+ Kg4 55.Ke5 Nb7 56.Rd3 Rf1
57.Rd7 Na5 58.f7 Nc6+ 59.Ke6  1-0

[Event "Copenhagen op16"]
[Site "Copenhagen"]
[Date "1994.??.??"]
[Round "6"]
[White "Grabov, Steen"]
[Black "Petersen, Steen"]
[Result "1/2-1/2"]
[WhiteElo "2285"]
[BlackElo "2085"]

1.c4 c6 2.Nc3 d5 3.cxd5 cxd5 4.d4 Nc6 5.Nf3 Nf6 6.g3 Bf5 7.Bg2 e6 8.O-O Be7
9.Bf4 O-O 10.Rc1 Rc8 11.Ne5 a6 12.Qd2 Na5 13.Na4  1/2-1/2

[Event "Copenhagen op16"]
[Site "Copenhagen"]
[Date "1994.??.??"]
[Round "8"]
[White "Baburin, Alexander"]
[Black "Hector, Jonny"]
[Result "1/2-1/2"]
[WhiteElo "2520"]
[BlackElo "2515"]

1.c4 c6 2.e4 d5 3.cxd5 cxd5 4.exd5 Nf6 5.Nc3 g6 6.Bb5+ Nbd7 7.d6 exd6 8.d4 a6
9.Be2 Bg7 10.Bf3 O-O 11.Nge2 Nb6 12.O-O h6 13.a4 Rb8 14.a5 Nc4 15.Qa4 d5
16.Bf4 b5 17.Qa2 Rb7 18.b3 Nd6 19.Nxd5 Nxd5 20.Bxd5 Re7 21.Bf3 g5 22.Bg3 Nf5
23.Rad1 Rfe8 24.h3 Rxe2 25.Bxe2 Nxd4 26.Rd2 Qd5 27.Bd1 Qc5 28.Kh1 Be6 29.f3 Qc3
30.Re1  1/2-1/2

[Event "Cordoba op"]
[Site "Cordoba"]
[Date "1994.??.??"]
[Round "6"]
[White "Urday, Henry"]
[Black "Ninov, Kiril"]
[Result "1/2-1/2"]
[WhiteElo "2470"]
[BlackElo "2415"]

1.c4 c6 2.Nf3 Nf6 3.g3 d5 4.b3 g6 5.Bb2 Bg7 6.Bg2 Qb6 7.Qc1 dxc4 8.bxc4 Ng4
9.Bxg7 Qxf2+ 10.Kd1 Rg8 11.Bh3 Rxg7 12.Qb2 f6 13.Bxg4 Bxg4 14.Qxb7 Bxf3 15.exf3 Qxf3+
16.Kc2 Qxh1 17.Qxa8 Qe4+ 18.d3 Qe5 19.Nc3 Kf7 20.Qxa7 Rg8 21.Rb1 Rd8 22.Ne4 Nd7
23.Rb7 Qe6 24.Qa5 Ke8 25.Qa7 Ne5  1/2-1/2

[Event "CZE-ch"]
[Site "?"]
[Date "1994.??.??"]
[Round "4"]
[White "David, Pavel"]
[Black "Hracek, Zbynek"]
[Result "0-1"]
[WhiteElo "2425"]
[BlackElo "2510"]

1.c4 c6 2.Nc3 d5 3.cxd5 cxd5 4.d4 Nf6 5.Nf3 Nc6 6.Bf4 a6 7.e3 Bg4 8.Be2 e6
9.O-O Bd6 10.Bxd6 Qxd6 11.h3 Bxf3 12.Bxf3 O-O 13.Qd2 Rac8 14.Rfc1 Nd7 15.Na4 Ncb8
16.Rxc8 Rxc8 17.Rc1 Rc6 18.Rxc6 Nxc6 19.Qc3 Kf8 20.Be2 Ke8 21.a3 f5 22.Nc5 Nxc5
23.dxc5 Qe5 24.Qb3 Qc7 25.Qa4 Qa5 26.Qh4 Qxc5 27.Qxh7 Qc1+ 28.Kh2 Qxb2 29.Bh5+ Ke7
30.Qg8 Qf6 31.Qc8 Qe5+ 32.f4 Qb8 33.Qxb8 Nxb8 34.g4 fxg4 35.Bxg4 b5  0-1